Strogai︠a︡ literatura : literaturno-kriticheskie statʹi i ocherki /

Bibliographic Details
Main Author: Pankin, Boris Dmitrievich
Format: Book
Language:Russian
Published: Moskva : Sov. pisatelʹ, 1982.
Edition:2-e, dop. izd.
Subjects:

MARC

Tag First Indicator Second Indicator Subfields
LEADER 00000cam a2200000 a 4500
001 in00001782021
005 20151025110305.0
008 830511r1982uuuuru cf 000 0 ruso
010 |a  83147677  
020 |c 1.70rub 
035 |a (OCoLC)ocm11212738 
040 |a DLC  |c DLC  |d OCL  |d TXA  |d UtOrBLW 
043 |a e-ur--- 
049 |a TXAM 
050 0 0 |a PN849.R9  |b P28 1982 
092 |a 891.70904  |b P1933s, 1982 
100 1 |a Pankin, Boris Dmitrievich. 
245 1 0 |a Strogai︠a︡ literatura :  |b literaturno-kriticheskie statʹi i ocherki /  |c Boris Pankin. 
250 |a 2-e, dop. izd. 
264 1 |a Moskva :  |b Sov. pisatelʹ,  |c 1982. 
300 |a 398 pages, 1 unnumbered leaf of plates :  |b portrait ;  |c 21 cm. 
336 |a text  |b txt  |2 rdacontent 
337 |a unmediated  |b n  |2 rdamedia 
338 |a volume  |b nc  |2 rdacarrier 
650 0 |a Soviet literature  |x History and criticism. 
948 |a cataloged  |b h  |c 2003/10/10  |d c  |e spoltoratski  |f 1:20:18 pm 
994 |a E0  |b TXA 
999 |a MARS 
999 f f |s 0b0dbeec-43ff-36f9-a5f6-c00def2e86b8  |i 52e2511e-3883-3bb9-85f3-01a1b6e277d7  |t 0 
952 f f |p ric  |a Texas A&M University  |b Rellis Campus  |c Joint Library Facility  |d Remote Storage  |t 0  |e PN849.R9 P28 1982  |h Library of Congress classification  |i unmediated -- volume  |m A14830560786 
998 f f |a PN849.R9 P28 1982  |t 0  |l Remote Storage